Modules and rings : a translation of Moduln und Ringe /
Guardado en:
| Autor Principal: | |
|---|---|
| Otros Autores: | |
| Formato: | Libro |
| Idioma: | English German |
| Publicado: |
London ; New York :
Academic Press,
1982.
|
| Series: | L.M.S. monographs,
17 |
| Materias: | |
| Etiquetas: |
Agregar Etiqueta
Sin Etiquetas, Sea el primero en etiquetar este registro!
|
| LEADER | 00910cam a2200265 a 4500 | ||
|---|---|---|---|
| 001 | MAT.inmabb002762 | ||
| 008 | 830613s1982####enk######b####001#0#eng## | ||
| 005 | 20130322173826.0 | ||
| 245 | 1 | 0 | |a Modules and rings : |b a translation of Moduln und Ringe / |c German text by F. Kasch ; translation and editing by D.A.R. Wallace. |
| 260 | |a London ; |a New York : |b Academic Press, |c 1982. | ||
| 300 | |a xi, 372 p. ; |c 24 cm. | ||
| 440 | 0 | |a L.M.S. monographs, |x 0076-0560 ; |v 17 | |
| 504 | |a Bibliografía: p. 365-368. | ||
| 510 | 4 | |a MR, |c 83i:16001 | |
| 020 | |a 0124003508 | ||
| 100 | 1 | |a Kasch, F. |q (Friedrich), |d 1921- | |
| 240 | 1 | 0 | |a Moduln und Ringe. |l Inglés |
| 700 | 1 | |a Wallace, D. A. R. |q (David Alexander Ross) | |
| 650 | 0 | |a Modules (Algebra) | |
| 650 | 0 | |a Rings (Algebra) | |
| 084 | |a 16-01 |2 msc2000 | ||
| 010 | |a 83115148 | ||
| 040 | |a DLC |c DLC |d DLC | ||
| 041 | 1 | |a eng |h ger | |
| 859 | |h 16 |i K19i |p A-5998 |b BIB. MATEMATICA | ||
